| 000 | 00437nam a22001457a 4500 | ||
|---|---|---|---|
| 082 |
_a621.801 _bSHA _cL-5, P-1 |
||
| 100 |
_aShahane _940703 |
||
| 245 |
_aSolutions of problems in Theory of Machines _cShahane |
||
| 260 |
_abombay _bengineering book co. |
||
| 300 |
_aii, p 296, _bill. : _c17 cm |
||
| 526 |
_a0 _b0 _c0 _d621_000000000000000_801SHA |
||
| 526 |
_a0 _b0 _c0 _d621_000000000000000_801SHA |
||
| 650 |
_aMCE _9379 |
||
| 942 |
_2ddc _cBK |
||
| 999 |
_c546028 _d546028 |
||